000 01223cam a22003737a 4500
003 CHAP
005 20220329141840.0
008 980128d1993 mx r 00010 spa d
010 _a74741
011 _a75713
020 _a9682315778
035 _a85282
040 _cCHAP
082 0 4 _a300.18
_bP3 1993
100 0 0 _aPardinas, Felipe.
_985491
245 1 0 _aMetodología y técnicas de investigación en ciencias sociales
_c/por Felipe Pardinas
250 _a33 ed. corr. y aum.
260 0 _aMéxico, D.F. :
_bSiglo XXI,
_c1993.
300 _a242 p.
490 0 _aSociología y política
590 _aBATCH-UPD
_b10
_c20130110
_lUCH01
_h0948
590 _aBATCH-UPD
_b10
_c20130410
_lUCH01
_h0602
590 _aBATCH-UPD
_b10
_c20130914
_lUCH01
_h0937
590 _aCONVERSION
_b10
_c20130109
_lUCH01
_h1341
650 1 4 _aCiencias sociales
_xInvestigación.
_923226
650 1 4 _aCiencias sociales
_xMetodología.
_923230
650 1 4 _aInvestigación
_xMetodología.
_960237
650 1 4 _aSociología.
_9108197
830 0 _aSociología y política
_9108249
901 _aBK
905 _aGuadalupe Pinto C.
942 _cLIBRO
949 _a300.18 P3 1993
_bBC
_cLIBRO
_d33724000592515
_eLIBRO
_h51288
_i85282
_si
_t59.00
999 _c74741
_d74741